Identifikace požadavků kladených na produktové manažery v procesu náboru

Ľudský faktor v produktovom manažmente. Odporúčania pre stratégiu a realizáciu náborového procesu.

Saved in:
Bibliographic Details
Main Author: Wroblowská, Zuzana
Other Authors: Ruda, Tomáš
Format: Book Chapter
Language:Czech
Subjects:
Tags: Add Tag
No Tags, Be the first to tag this record!

MARC

LEADER 00000naa a2200000 4500
001 0201768
005 20220722104215.8
041 0 |a cze 
044 |a SK 
245 1 0 |a Identifikace požadavků kladených na produktové manažery v procesu náboru  |c Zuzana Wroblowská, Tomáš Ruda 
520 |a Ľudský faktor v produktovom manažmente. Odporúčania pre stratégiu a realizáciu náborového procesu. 
610 2 0 |a manažment produktový 
610 2 0 |a nábor pracovníkov 
610 2 0 |a zdroje ľudské 
610 2 0 |a manažéri 
610 2 0 |a stratégia marketingová 
100 1 |a Wroblowská, Zuzana 
700 1 |a Ruda, Tomáš